| 000 | 005090000a22001930004500 | ||
|---|---|---|---|
| 001 | 003866 | ||
| 003 | MACL | ||
| 005 | 20150912151103.0 | ||
| 008 | 150912b xxu||||| |||| 00| 0 eng d | ||
| 040 |
_aMACL _cMACL |
||
| 041 | _aEnglish | ||
| 082 | _a823/DES | ||
| 100 |
_aDesai, shantinath K. _910414 |
||
| 245 |
_aContemporary Indian Short Stories _bSeries Four _cshantinath K. Desai |
||
| 260 |
_aNew Delhi _c1996 _bSahitya Academi, |
||
| 350 | _a100 | ||
| 650 |
_aLiterature _910415 |
||
| 942 |
_k823 _cBK _2ddc |
||
| 999 |
_c15759 _d15759 |
||